[Event "87o Campeonato Brasileiro Absoluto Final Aberta"]
[Site "Cuiaba MT"]
[Date "2021.11.02"]
[Round "8"]
[Board "89"]
[White "De Lima, Lucas Taveira"]
[Black "Timossi, Lucas Jose Santiago"]
[Result "1-0"]
[WhiteElo "1427"]
[BlackElo "1737"]
[PlyCount "51"]
[EventDate "2021.10.28"]
[EventRounds "11"]
[EventCountry "BRA"]

1. c4 Nf6 2. Nc3 g6 3. g3 Bg7 4. Bg2 O-O 5. Nf3 d6 6. O-O Bf5 7. d3 Nc6 8. Rb1
Ne8 9. b4 Bxc3 10. e4 Bg4 11. Qc2 Bxf3 12. Bxf3 Bxb4 13. Bh6 Ng7 14. Rxb4 Nxb4
15. Qb2 e5 16. Qxb4 Qf6 17. Bg2 Rfb8 18. f4 Qe6 19. fxe5 Qxe5 20. Qd2 b5 21.
Qf2 bxc4 22. Qxf7+ Kh8 23. dxc4 Nh5 24. Qxc7 Rc8 25. Qb7 Rcb8 26. Qc7 {
ilegÃƒ^^vel}  1-0

[Event "87o Campeonato Brasileiro Absoluto Final Aberta"]
[Site "Cuiaba MT"]
[Date "2021.11.02"]
[Round "8"]
[Board "94"]
[White "De Carvalho, Amauri"]
[Black "Marquezini, Paulo Eduardo Seben"]
[Result "0-1"]
[WhiteElo "1188"]
[BlackElo "1760"]
[PlyCount "76"]
[EventDate "2021.10.28"]
[EventRounds "11"]
[EventCountry "BRA"]

1. b3 e5 2. Bb2 Nc6 3. e3 Bb4 4. Bb5 Nge7 5. Ne2 O-O 6. O-O d6 7. c3 Ba5 8. d3
a6 9. Bxc6 Nxc6 10. c4 Bb6 11. Nbc3 Bg4 12. Qd2 Qg5 13. Kh1 Rad8 14. Nd5 Qh5
15. Nec3 Rd7 16. Nxb6 cxb6 17. Nd5 b5 18. Rac1 bxc4 19. bxc4 f5 20. Qc3 f4 21.
exf4 Nd4 22. Qd2 Ne2 23. Rce1 exf4 24. Bc1 f3 25. Ne3 fxg2+ 26. Nxg2 Re7 27.
Qg5 Ref7 28. Qxh5 Bxh5 29. Be3 Bf3 30. Rb1 b5 31. Rfe1 Rf6 32. Rxe2 Bxe2 33.
Nf4 Bf3+ 34. Kg1 bxc4 35. dxc4 Rf5 36. Rb6 Rxf4 37. Bxf4 Rxf4 38. Kf1 Rxc4  0-1

[Event "87o Campeonato Brasileiro Absoluto Final Aberta"]
[Site "Cuiaba MT"]
[Date "2021.11.02"]
[Round "9"]
[Board "1"]
[White "Supi, Luis Paulo"]
[Black "Quintiliano Pinto, Renato R."]
[Result "1/2-1/2"]
[WhiteElo "2572"]
[BlackElo "2469"]
[PlyCount "47"]
[EventDate "2021.10.28"]
[EventRounds "11"]
[EventCountry "BRA"]

1. e4 c5 2. Nf3 d6 3. Bb5+ Bd7 4. Bxd7+ Nxd7 5. O-O Ngf6 6. Qe2 Rc8 7. c3 e6 8.
d4 cxd4 9. cxd4 Be7 10. Nc3 Nb6 11. Rd1 O-O 12. Rd3 Qc7 13. h4 Qc6 14. a4 Rfd8
15. d5 exd5 16. exd5 Qd7 17. Be3 Re8 18. Bxb6 axb6 19. Re3 Ng4 20. Re4 Bf6 21.
Re1 Rxe4 22. Nxe4 h6 23. b3 Bc3 24. Rc1  1/2-1/2

[Event "87o Campeonato Brasileiro Absoluto Final Aberta"]
[Site "Cuiaba MT"]
[Date "2021.11.02"]
[Round "9"]
[Board "2"]
[White "Mekhitarian, Krikor Sevag"]
[Black "Fier, Alexandr"]
[Result "1/2-1/2"]
[WhiteElo "2560"]
[BlackElo "2563"]
[PlyCount "57"]
[EventDate "2021.10.28"]
[EventRounds "11"]
[EventCountry "BRA"]

1. d4 Nf6 2. c4 e6 3. Nf3 c5 4. d5 exd5 5. cxd5 d6 6. Nc3 g6 7. e4 Bg7 8. h3
O-O 9. Bd3 b5 10. Nxb5 Re8 11. O-O Nxe4 12. Re1 a6 13. Na3 Nf6 14. Rxe8+ Nxe8
15. Bg5 Qc7 16. Qa4 Nf6 17. Re1 Bb7 18. Nh2 Nbd7 19. Re7 Rd8 20. Qf4 Re8 21.
Bxf6 Rxe7 22. Bxe7 Ne5 23. Bxa6 Qxe7 24. Bxb7 Qxb7 25. Qd2 Qa6 26. Qc2 Qb7 27.
Qd2 Qa6 28. Qc2 Qb7 29. Qd2  1/2-1/2

[Event "87o Campeonato Brasileiro Absoluto Final Aberta"]
[Site "Cuiaba MT"]
[Date "2021.11.02"]
[Round "9"]
[Board "3"]
[White "Lima, Darcy"]
[Black "Labussiere, Victor"]
[Result "1-0"]
[WhiteElo "2508"]
[BlackElo "2291"]
[PlyCount "87"]
[EventDate "2021.10.28"]
[EventRounds "11"]
[EventCountry "BRA"]

1. Nf3 d5 2. g3 Nf6 3. Bg2 g6 4. d4 Bg7 5. c4 c6 6. cxd5 cxd5 7. Nc3 O-O 8. Ne5
Nc6 9. Nxc6 bxc6 10. O-O e5 11. dxe5 Ng4 12. Na4 Nxe5 13. Be3 Qf6 14. Rc1 Nc4
15. Bc5 Re8 16. b3 Nb6 17. Nc3 Ba6 18. Qd2 Nd7 19. Ba3 Qf5 20. Rfe1 Nf6 21. Bb2
Ng4 22. Nd1 Bxb2 23. Qxb2 Re6 24. h3 Ne5 25. Ne3 Qf6 26. Qa3 d4 27. Qxa6 dxe3
28. f4 Nd7 29. Rxc6 Rae8 30. Rxe6 Rxe6 31. Qxa7 Re7 32. Rd1 Qe6 33. Qa8+ Kg7
34. Qa3 Nf6 35. Qb2 Qf5 36. Rd5 Qc8 37. g4 h6 38. Rd6 Re6 39. Rxe6 fxe6 40. g5
hxg5 41. fxg5 Kh7 42. gxf6 Qc7 43. Qb1 Qg3 44. Qf1  1-0

[Event "87o Campeonato Brasileiro Absoluto Final Aberta"]
[Site "Cuiaba MT"]
[Date "2021.11.02"]
[Round "9"]
[Board "4"]
[White "Cadilhac, Igor Tokuichi Kikuchi"]
[Black "Santiago, Yago De Moura"]
[Result "0-1"]
[WhiteElo "2323"]
[BlackElo "2478"]
[PlyCount "64"]
[EventDate "2021.10.28"]
[EventRounds "11"]
[EventCountry "BRA"]

1. e4 e6 2. d4 d5 3. Nc3 a6 4. Bd3 c5 5. Nf3 c4 6. Be2 Bb4 7. O-O Ne7 8. a3 Ba5
9. exd5 exd5 10. Ne5 O-O 11. Bf3 b5 12. Bf4 f6 13. Ng4 Nbc6 14. h3 Be6 15. Ne3
Bb6 16. Ne2 a5 17. c3 g5 18. Bh2 f5 19. Re1 Qd7 20. Bh5 f4 21. Ng4 Bc7 22. Nc1
Nf5 23. Qe2 Ng7 24. h4 Kh8 25. Kf1 f3 26. gxf3 Bxh2 27. hxg5 Bf4 28. Kg2 Bxg5
29. Rh1 Nxh5 30. Rxh5 Bxg4 31. fxg4 Rae8 32. Qd1 Re1  0-1

[Event "87o Campeonato Brasileiro Absoluto Final Aberta"]
[Site "Cuiaba MT"]
[Date "2021.11.02"]
[Round "9"]
[Board "5"]
[White "Di Berardino, Diego Rafael"]
[Black "Oliveira, Silvio Eduardo"]
[Result "0-1"]
[WhiteElo "2471"]
[BlackElo "2321"]
[PlyCount "30"]
[EventDate "2021.10.28"]
[EventRounds "11"]
[EventCountry "BRA"]

1. d4 Nf6 2. c4 e6 3. Nf3 d5 4. g3 Be7 5. Bg2 O-O 6. Qc2 dxc4 7. Nbd2 c5 8.
dxc5 Qa5 9. O-O Qxc5 10. Nxc4 Nc6 11. Be3 Qh5 12. h3 e5 13. Ng5 Nd4 14. Bxd4
exd4 15. f4 Ne8 {ilegÃƒ^^vel}  0-1

[Event "87o Campeonato Brasileiro Absoluto Final Aberta"]
[Site "Cuiaba MT"]
[Date "2021.11.02"]
[Round "9"]
[Board "6"]
[White "Filgueiras, Nathan Felipe"]
[Black "Molina, Roberto Junio Brito"]
[Result "1/2-1/2"]
[WhiteElo "2312"]
[BlackElo "2434"]
[PlyCount "67"]
[EventDate "2021.10.28"]
[EventRounds "11"]
[EventCountry "BRA"]

1. e4 c6 2. d4 d5 3. e5 Bf5 4. h4 h6 5. g4 Bd7 6. h5 c5 7. dxc5 e6 8. Be3 Qc7
9. f4 Bxc5 10. Bxc5 Qxc5 11. Qd2 Nc6 12. Nc3 O-O-O 13. O-O-O Nge7 14. Kb1 Kb8
15. Nf3 Nc8 16. Nd4 Nxd4 17. Qxd4 Qxd4 18. Rxd4 Ne7 19. Rd1 Rhf8 20. Bd3 Nc6
21. Rhf1 Bc8 22. Rde1 f6 23. exf6 gxf6 24. Be2 Nd4 25. Bd1 Kc7 26. Rg1 Rg8 27.
Rg2 Kd6 28. Reg1 Rdf8 29. Rd2 e5 30. Nxd5 Kxd5 31. c3 Kd6 32. fxe5+ fxe5 33.
cxd4 e4 34. Rdg2  1/2-1/2

[Event "87o Campeonato Brasileiro Absoluto Final Aberta"]
[Site "Cuiaba MT"]
[Date "2021.11.02"]
[Round "9"]
[Board "7"]
[White "Cunha, Lucas Aguiar"]
[Black "Proudian, Armen"]
[Result "1-0"]
[WhiteElo "2290"]
[BlackElo "2427"]
[PlyCount "123"]
[EventDate "2021.10.28"]
[EventRounds "11"]
[EventCountry "BRA"]

1. d4 Nf6 2. Nf3 e6 3. g3 b5 4. Bg2 Bb7 5. O-O d5 6. a4 b4 7. a5 Be7 8. c3 O-O
9. Ne5 Nfd7 10. Nd3 bxc3 11. bxc3 c5 12. Nd2 cxd4 13. cxd4 Ba6 14. Nf3 Nc6 15.
Qa4 Rc8 16. Bd2 Bc4 17. Rfb1 a6 18. Bf4 Bb5 19. Qa2 Bf6 20. Be3 Ne7 21. g4 g6
22. Qd2 Rc4 23. Bh6 Re8 24. e3 Qa8 25. Bf1 Rec8 26. Nb4 e5 27. h3 e4 28. Nh2 g5
29. f4 gxf4 30. Bxf4 Ng6 31. Bg3 Ndf8 32. Qf2 Bg7 33. Qf5 Ne7 34. Qf2 Ne6 35.
Bd6 Ng6 36. Bxc4 Bxc4 37. Rc1 Rd8 38. Bg3 Qb7 39. Rab1 Qb5 40. Nf1 Ng5 41. Kg2
Qd7 42. Nd2 Bb5 43. Rc7 Qe8 44. Rc5 Qe6 45. Qf5 Qxf5 46. gxf5 Ne7 47. h4 Nxf5
48. Bf2 Nf3 49. Nxf3 exf3+ 50. Kxf3 Bc4 51. Nc6 Rd6 52. Rb8+ Bf8 53. e4 Nh6 54.
e5 Rd7 55. Be3 Nf5 56. Bg5 Bd3 57. Kf4 Be4 58. h5 f6 59. Bxf6 Ng7 60. Bxg7 Kxg7
61. h6+ Kf7 62. e6+  1-0

[Event "87o Campeonato Brasileiro Absoluto Final Aberta"]
[Site "Cuiaba MT"]
[Date "2021.11.02"]
[Round "9"]
[Board "8"]
[White "Gauche, Charles"]
[Black "Bittencourt, Jorge"]
[Result "1-0"]
[WhiteElo "2155"]
[BlackElo "2414"]
[PlyCount "73"]
[EventDate "2021.10.28"]
[EventRounds "11"]
[EventCountry "BRA"]

1. Nf3 d5 2. b3 Bf5 3. g3 e6 4. Bb2 h6 5. Bg2 Nf6 6. O-O Be7 7. d3 O-O 8. Nbd2
Bh7 9. Qe1 a5 10. a3 c6 11. e4 Nbd7 12. e5 Ne8 13. h3 b5 14. Nh2 a4 15. b4 c5
16. bxc5 Bxc5 17. Qe2 Nc7 18. Kh1 b4 19. axb4 Bxb4 20. Rac1 Rb8 21. Ba1 Nc5 22.
f4 Nb5 23. g4 Qa5 24. Ndf3 Bc3 25. f5 exf5 26. g5 Rb6 27. Qf2 Nd7 28. gxh6 Rxh6
29. Ng5 Nc7 30. Nxh7 Rxh7 31. Qxf5 Nxe5 32. d4 Nc4 33. Ng4 Bd2 34. Rcd1 Bb4 35.
Rd3 Bd6 36. Rg1 Qa8 37. Nf6+  1-0

[Event "87o Campeonato Brasileiro Absoluto Final Aberta"]
[Site "Cuiaba MT"]
[Date "2021.11.02"]
[Round "9"]
[Board "9"]
[White "Marra, Eduardo Da Costa"]
[Black "Rodrigues, Edgar"]
[Result "0-1"]
[WhiteElo "2200"]
[BlackElo "2339"]
[PlyCount "102"]
[EventDate "2021.10.28"]
[EventRounds "11"]
[EventCountry "BRA"]

1. e4 Nf6 2. e5 Nd5 3. d4 d6 4. Nf3 Bg4 5. Be2 e6 6. O-O Be7 7. c4 Nb6 8. Be3
O-O 9. h3 Bh5 10. Nc3 N8d7 11. exd6 cxd6 12. b3 Nf6 13. Rc1 Nbd7 14. b4 Nb6 15.
Qb3 h6 16. a4 Rc8 17. Nb5 a6 18. Na3 Ne4 19. Rfe1 f5 20. Nd2 Nxd2 21. Bxd2 Bf7
22. a5 Nd7 23. Bf3 Rb8 24. Bf4 g5 25. Be3 Nf6 26. Nc2 Kh7 27. Bd2 Qd7 28. Qd3
Kh8 29. Bc3 Rbe8 30. Rcd1 Bd8 31. Rd2 Rg8 32. Ne3 Bg6 33. Qe2 d5 34. Qd1 Bc7
35. Qb3 Rg7 36. Rdd1 Rd8 37. b5 h5 38. cxd5 exd5 39. Rc1 Qd6 40. Nf1 g4 41.
hxg4 hxg4 42. Be2 Ne4 43. Bb4 Qf6 44. bxa6 bxa6 45. Qd3 Rh7 46. Rxc7 Rxc7 47.
f3 gxf3 48. Bxf3 Rh7 49. Qe3 f4 50. Qa3 Qh4 51. Bxe4 Qh1+  0-1

[Event "87o Campeonato Brasileiro Absoluto Final Aberta"]
[Site "Cuiaba MT"]
[Date "2021.11.02"]
[Round "9"]
[Board "11"]
[White "Zallio, Luciano De Souza"]
[Black "Umetsubo, Cesar Hidemitsu"]
[Result "0-1"]
[WhiteElo "2163"]
[BlackElo "2379"]
[PlyCount "70"]
[EventDate "2021.10.28"]
[EventRounds "11"]
[EventCountry "BRA"]

1. Nf3 d5 2. e3 Nf6 3. b3 Bf5 4. Bb2 e6 5. d4 Nbd7 6. Bd3 Bg6 7. O-O Bd6 8. c4
c6 9. Nc3 O-O 10. Bxg6 hxg6 11. Re1 dxc4 12. bxc4 e5 13. Qc2 Re8 14. Nd2 exd4
15. exd4 Qa5 16. Nce4 Bb4 17. a3 Rxe4 18. axb4 Rxe1+ 19. Rxe1 Qxb4 20. Bc3 Qd6
21. Qd3 a5 22. Rb1 b6 23. Qf3 a4 24. h4 Qe6 25. Bb4 Rb8 26. Kf1 Re8 27. Qd1 Qf5
28. Nf3 b5 29. d5 c5 30. Bc3 b4 31. Ba1 a3 32. Qb3 Nb6 33. Rc1 Re4 34. Ng5 Rxh4
35. Qg3 Rh1+  0-1

[Event "87o Campeonato Brasileiro Absoluto Final Aberta"]
[Site "Cuiaba MT"]
[Date "2021.11.02"]
[Round "9"]
[Board "12"]
[White "Silva, Lucas Henrique Da"]
[Black "Guimaraes, Diogo Duarte"]
[Result "1-0"]
[WhiteElo "2158"]
[BlackElo "2264"]
[PlyCount "77"]
[EventDate "2021.10.28"]
[EventRounds "11"]
[EventCountry "BRA"]

1. Nf3 Nf6 2. c4 c6 3. g3 d5 4. Bg2 Bg4 5. b3 e6 6. O-O Bd6 7. Bb2 Nbd7 8. d3
Qe7 9. Nbd2 h6 10. Qc2 O-O 11. Rfe1 e5 12. e3 a5 13. a3 Rfe8 14. Nh4 g5 15.
Nhf3 e4 16. Nd4 Nc5 17. dxe4 dxe4 18. f3 exf3 19. Bxf3 Bxf3 20. Nf5 Qe6 21.
Nxf3 Bf8 22. Re2 Qe4 23. Bxf6 Qxf3 24. Rf1 Qe4 25. Qd1 Qg4 26. h3 Qh5 27. g4
Qg6 28. Bd4 Ne4 29. Bb2 Rad8 30. Qc2 Kh7 31. Kg2 Qe6 32. Ng3 Kg8 33. Nh5 Be7
34. Ng7 Qg6 35. Nxe8 Rxe8 36. Rf5 Bd8 37. Qd3 Qe6 38. Re5 Qd6 39. Rxe8+  1-0

[Event "87o Campeonato Brasileiro Absoluto Final Aberta"]
[Site "Cuiaba MT"]
[Date "2021.11.02"]
[Round "9"]
[Board "13"]
[White "Aranha Filho, Alvaro Z."]
[Black "Nemeth Junior, Henrique"]
[Result "1-0"]
[WhiteElo "2236"]
[BlackElo "2056"]
[PlyCount "107"]
[EventDate "2021.10.28"]
[EventRounds "11"]
[EventCountry "BRA"]

1. d4 Nf6 2. c4 e6 3. Nf3 Bb4+ 4. Bd2 c5 5. Bxb4 cxb4 6. g3 b6 7. Bg2 Bb7 8.
O-O O-O 9. a3 bxa3 10. Rxa3 Qc7 11. Nbd2 a5 12. Qb1 Nc6 13. e4 d6 14. d5 exd5
15. cxd5 Nb4 16. Rc1 Qe7 17. Nd4 Rac8 18. Rac3 Qe5 19. Nf5 Nfxd5 20. exd5 Rxc3
21. bxc3 Nxd5 22. Bxd5 Bxd5 23. Re1 Qxc3 24. Ne7+ Kh8 25. Nxd5 Qxd2 26. Nxb6
Rb8 27. Qe4 h6 28. Nc4 Qb4 29. Rd1 Qa4 30. Rxd6 Re8 31. Qd3 Qb5 32. Rd8 Rxd8
33. Qxd8+ Kh7 34. Qd3+ Kg8 35. Qd8+ Kh7 36. Nxa5 Qb1+ 37. Kg2 Qe4+ 38. Kf1 Qh1+
39. Ke2 Qe4+ 40. Kd2 Qb4+ 41. Kd3 Qb1+ 42. Kc4 Qc2+ 43. Kb5 Qxf2 44. Qd3+ g6
45. h4 Qb2+ 46. Nb3 Qe5+ 47. Nc5 Qb2+ 48. Kc6 Qf6+ 49. Qd6 Qf3+ 50. Kd7 Kg8 51.
Qe5 g5 52. hxg5 Qg4+ 53. Ke7 hxg5 54. Ne4  1-0

[Event "87o Campeonato Brasileiro Absoluto Final Aberta"]
[Site "Cuiaba MT"]
[Date "2021.11.02"]
[Round "9"]
[Board "14"]
[White "Mazetto, Sergio Luiz"]
[Black "Federzoni, Enzo"]
[Result "1/2-1/2"]
[WhiteElo "2119"]
[BlackElo "2215"]
[PlyCount "109"]
[EventDate "2021.10.28"]
[EventRounds "11"]
[EventCountry "BRA"]

1. d4 Nf6 2. Bg5 e6 3. Nd2 c5 4. e3 d5 5. c3 h6 6. Bh4 Nc6 7. Ngf3 Be7 8. Bd3
O-O 9. O-O b6 10. Ne5 Nxe5 11. dxe5 Nd7 12. Bg3 f5 13. exf6 Bxf6 14. Qh5 c4 15.
Bc2 Qe7 16. Qg6 Qc5 17. e4 Rf7 18. exd5 Nf8 19. Qh5 exd5 20. Rad1 Bb7 21. Nf3
d4 22. Qxc5 bxc5 23. cxd4 Bxf3 24. gxf3 cxd4 25. Be4 Rd8 26. Rc1 c3 27. bxc3
dxc3 28. Rfd1 Rfd7 29. Rxd7 Rxd7 30. Kf1 g5 31. f4 Rd2 32. fxg5 hxg5 33. Rc2
Rd4 34. f3 Kg7 35. Be1 Rc4 36. Bf2 Rc7 37. Ke2 Ne6 38. Be3 Be5 39. h3 Kf6 40.
Kd1 Bd4 41. Re2 Bxe3 42. Rxe3 Nd4 43. Bc2 Nxc2 44. Kxc2 Kf5 45. Re4 Rh7 46. Ra4
Rxh3 47. Kxc3 Rxf3+ 48. Kd2 g4 49. Ke2 Rc3 50. Rxa7 Kf4 51. Kf2 Rc2+ 52. Kg1
Kg3 53. Ra3+ Kh4 54. Rb3 Rxa2 55. Rb1  1/2-1/2

[Event "87o Campeonato Brasileiro Absoluto Final Aberta"]
[Site "Cuiaba MT"]
[Date "2021.11.02"]
[Round "9"]
[Board "15"]
[White "Veiga, Emerson De Sousa"]
[Black "Rocha, Vitor Firmo De Souza"]
[Result "1-0"]
[WhiteElo "2072"]
[BlackElo "2176"]
[PlyCount "73"]
[EventDate "2021.10.28"]
[EventRounds "11"]
[EventCountry "BRA"]

1. e4 c5 2. Nf3 Nc6 3. d4 cxd4 4. Nxd4 Nf6 5. Nc3 d6 6. Bg5 e6 7. Qd2 a6 8.
O-O-O h6 9. Nxc6 bxc6 10. Bh4 Be7 11. f4 d5 12. e5 Nd7 13. Bxe7 Qxe7 14. g4 Rb8
15. a3 h5 16. gxh5 Rxh5 17. Rg1 g6 18. Bd3 Nc5 19. Qf2 Nxd3+ 20. Rxd3 a5 21.
Na4 Ba6 22. Rdg3 Bb5 23. Nc5 a4 24. R1g2 Rh6 25. f5 exf5 26. e6 Qd6 27. Qd4 Bc4
28. Qf6 Qf4+ 29. Kd1 Rh7 30. exf7+ Rxf7 31. Qxc6+ Ke7 32. Qd7+ Kf8 33. Ne6+ Kg8
34. Rxg6+ Kh8 35. Rg8+ Rxg8 36. Rxg8+ Kxg8 37. Qe8+  1-0

[Event "87o Campeonato Brasileiro Absoluto Final Aberta"]
[Site "Cuiaba MT"]
[Date "2021.11.02"]
[Round "9"]
[Board "16"]
[White "Sega, Carlos Alberto"]
[Black "Damasceno, Enzo De Carvalho"]
[Result "1-0"]
[WhiteElo "2164"]
[BlackElo "1692"]
[PlyCount "91"]
[EventDate "2021.10.28"]
[EventRounds "11"]
[EventCountry "BRA"]

1. c4 e5 2. g3 Nf6 3. Bg2 Nc6 4. Nc3 Bb4 5. Nf3 O-O 6. O-O e4 7. Ng5 Bxc3 8.
bxc3 Re8 9. d3 exd3 10. exd3 h6 11. Ne4 b6 12. Rb1 Nxe4 13. Bxe4 Bb7 14. Bf4
Na5 15. Bd5 Bxd5 16. cxd5 c6 17. Qg4 Qf6 18. Be3 Qg6 19. Qxg6 fxg6 20. Rfc1 Nb7
21. c4 c5 22. Re1 g5 23. g4 Kf7 24. f4 gxf4 25. Bxf4 Rxe1+ 26. Rxe1 d6 27. h4
Re8 28. Rxe8 Kxe8 29. h5 a6 30. a4 Kf7 31. Kf2 g5 32. Bg3 Ke7 33. Kf3 Na5 34.
Ke4 Nb3 35. Kf5 Nc1 36. Kg6 Nxd3 37. Kxh6 Kf6 38. Bxd6 Nf2 39. Be5+ Kxe5 40.
Kxg5 b5 41. axb5 axb5 42. h6 Ne4+ 43. Kg6 Nf6 44. cxb5 c4 45. b6 c3 46. b7  1-0

[Event "87o Campeonato Brasileiro Absoluto Final Aberta"]
[Site "Cuiaba MT"]
[Date "2021.11.02"]
[Round "9"]
[Board "17"]
[White "Araujo, Everson De Moura"]
[Black "Do Valle Cardoso, Lucas"]
[Result "1/2-1/2"]
[WhiteElo "1965"]
[BlackElo "2285"]
[PlyCount "55"]
[EventDate "2021.10.28"]
[EventRounds "11"]
[EventCountry "BRA"]

1. d4 Nf6 2. Nf3 d5 3. g3 e6 4. Bg2 b5 5. a4 b4 6. c4 Be7 7. O-O Bb7 8. c5 a5
9. Qc2 Nc6 10. Nbd2 O-O 11. e4 dxe4 12. Nxe4 Nd5 13. Rd1 h6 14. b3 f5 15. Ned2
Nc3 16. Re1 Bf6 17. Nc4 Bxd4 18. Be3 Bxe3 19. Rxe3 f4 20. Rxe6 fxg3 21. Rxh6
gxf2+ 22. Kxf2 Rxf3+ 23. Bxf3 gxh6 24. Qg6+ Kf8 25. Qxh6+ Ke7 26. Qg5+ Kf8 27.
Qh6+ Ke7 28. Qg5+  1/2-1/2

[Event "87o Campeonato Brasileiro Absoluto Final Aberta"]
[Site "Cuiaba MT"]
[Date "2021.11.02"]
[Round "9"]
[Board "18"]
[White "Barbosa, Evandro Amorim"]
[Black "Piccoli, Lucas Fonseca"]
[Result "1-0"]
[WhiteElo "2509"]
[BlackElo "2075"]
[PlyCount "125"]
[EventDate "2021.10.28"]
[EventRounds "11"]
[EventCountry "BRA"]

1. e4 c5 2. Nf3 Nc6 3. Bb5 Nf6 4. Nc3 g6 5. O-O Bg7 6. Re1 O-O 7. h3 Ne8 8. d3
Nd4 9. Bc4 d6 10. Bg5 h6 11. Be3 Nc7 12. a4 Nce6 13. Nh2 Kh7 14. Nd5 Rb8 15. c3
Nc6 16. Qd2 a6 17. Ng4 h5 18. Nh2 b5 19. axb5 axb5 20. Bb3 b4 21. Ba4 bxc3 22.
bxc3 Bd7 23. Reb1 Re8 24. Nf3 Rxb1+ 25. Rxb1 Qa5 26. Qd1 Ne5 27. Bxd7 Nxd7 28.
Rb7 Nef8 29. Qb3 e6 30. Nc7 Re7 31. Nb5 c4 32. Qxc4 Ne5 33. Ng5+ Kg8 34. Qc8
Qa1+ 35. Kh2 Rxb7 36. Qxb7 Ned7 37. d4 h4 38. Qc6 Qa4 39. Nxf7 Nb8 40. Qe8 Qc2
41. Nbxd6 Nbd7 42. Ng5 Qxc3 43. Nxe6 Be5+ 44. Bf4 Bxf4+ 45. Nxf4 Qxd4 46. Qf7+
Kh8 47. Nxg6+ Nxg6 48. Qxg6 Qe5+ 49. g3 hxg3+ 50. Kg2 Qg7 51. Qxg7+ Kxg7 52.
Kxg3 Kf6 53. f4 Ke6 54. Nb5 Nc5 55. Kf3 Nd3 56. Nd4+ Kf6 57. Ke3 Ne1 58. e5+
Ke7 59. f5 Kf7 60. Ke4 Ng2 61. Nf3 Kg7 62. h4 Kh6 63. e6  1-0

[Event "87o Campeonato Brasileiro Absoluto Final Aberta"]
[Site "Cuiaba MT"]
[Date "2021.11.02"]
[Round "9"]
[Board "19"]
[White "Limp, Eduardo Thelio"]
[Black "Uczai, Joao Pedro Filimberti"]
[Result "1/2-1/2"]
[WhiteElo "2364"]
[BlackElo "2058"]
[PlyCount "66"]
[EventDate "2021.10.28"]
[EventRounds "11"]
[EventCountry "BRA"]

1. d4 e6 2. c4 d5 3. Nc3 Nf6 4. Bg5 Be7 5. e3 O-O 6. Nf3 h6 7. Bh4 b6 8. cxd5
Nxd5 9. Bxe7 Qxe7 10. Nxd5 exd5 11. Qb3 Be6 12. Rc1 c5 13. Qa3 Rc8 14. Bd3 Qb7
15. dxc5 bxc5 16. Rxc5 Rxc5 17. Qxc5 Qxb2 18. O-O Nd7 19. Qc6 Rb8 20. a4 Qb6
21. Qxb6 Rxb6 22. Rc1 Rb4 23. Nd4 Ne5 24. Bb5 Bd7 25. f4 Bxb5 26. Rc8+ Kh7 27.
fxe5 Bd3 28. e6 fxe6 29. Nxe6 Bf5 30. Nf8+ Kg8 31. Nd7+ Kh7 32. Nf8+ Kg8 33.
Nd7+ Kh7  1/2-1/2

[Event "87o Campeonato Brasileiro Absoluto Final Aberta"]
[Site "Cuiaba MT"]
[Date "2021.11.02"]
[Round "9"]
[Board "20"]
[White "Dantas, Neimar De Oliveira"]
[Black "Brito, Luismar"]
[Result "0-1"]
[WhiteElo "2030"]
[BlackElo "2198"]
[PlyCount "36"]
[EventDate "2021.10.28"]
[EventRounds "11"]
[EventCountry "BRA"]

1. d4 Nf6 2. Nf3 g6 3. c4 Bg7 4. g3 d6 5. Bg2 c5 6. O-O Nbd7 7. d5 b5 8. Re1
O-O 9. h3 bxc4 10. e4 Ne8 11. Qc2 Rb8 12. Na3 Ba6 13. Bf1 Nb6 14. Bd2 e6 15.
dxe6 fxe6 16. Bg5 Qd7 17. Nxc4 Nxc4 18. Bxc4 Rxb2  0-1

[Event "87o Campeonato Brasileiro Absoluto Final Aberta"]
[Site "Cuiaba MT"]
[Date "2021.11.02"]
[Round "9"]
[Board "21"]
[White "Jordao Barbosa, Marcio"]
[Black "Soares, Joao Carlos T. C."]
[Result "1/2-1/2"]
[WhiteElo "2183"]
[BlackElo "2056"]
[PlyCount "62"]
[EventDate "2021.10.28"]
[EventRounds "11"]
[EventCountry "BRA"]

1. e4 e6 2. d4 d5 3. Nc3 Nf6 4. e5 Nfd7 5. f4 c5 6. Nf3 Nc6 7. Be3 cxd4 8. Nxd4
Bc5 9. Qd2 O-O 10. O-O-O Nxd4 11. Bxd4 Qa5 12. Kb1 Rb8 13. Nb5 Qxd2 14. Rxd2 a6
15. Nd6 Bxd4 16. Rxd4 f6 17. exf6 Nxf6 18. Nxc8 Rbxc8 19. g3 g6 20. Bh3 Rc6 21.
Re1 Kf7 22. c3 h6 23. Rb4 b6 24. Rd4 h5 25. Bf1 a5 26. h4 Ne4 27. Rd3 Kf6 28.
Bg2 Nd6 29. Rf3 Nf5 30. Bf1 Rd8 31. Bb5 Rcd6  1/2-1/2

[Event "87o Campeonato Brasileiro Absoluto Final Aberta"]
[Site "Cuiaba MT"]
[Date "2021.11.02"]
[Round "9"]
[Board "22"]
[White "Abrantes, Tiago Garrido"]
[Black "Pereira, Geanfrancesco"]
[Result "1/2-1/2"]
[WhiteElo "2178"]
[BlackElo "2023"]
[PlyCount "111"]
[EventDate "2021.10.28"]
[EventRounds "11"]
[EventCountry "BRA"]

1. d4 Nf6 2. c4 g6 3. g3 Bg7 4. Bg2 O-O 5. Nc3 d6 6. Nf3 c6 7. O-O Qa5 8. d5 a6
9. Nd2 Ng4 10. Qc2 e5 11. h3 Nh6 12. Rb1 Qd8 13. b4 cxd5 14. cxd5 f5 15. e4 Nd7
16. Nf3 Nb6 17. Ng5 fxe4 18. Ngxe4 Nf5 19. Qd3 Qc7 20. Ng5 Nd4 21. Ne2 Bf5 22.
Be4 Bxe4 23. Qxe4 Nxe2+ 24. Qxe2 Qc4 25. Qxc4 Nxc4 26. Kg2 Rac8 27. Ne4 b5 28.
Rd1 h6 29. Ra1 Kf7 30. a4 Ra8 31. Be3 Ke7 32. Ra2 Rfc8 33. axb5 axb5 34. Rda1
Rxa2 35. Rxa2 Rc7 36. Ra8 Nxe3+ 37. fxe3 Bf8 38. Rb8 Rc4 39. Rb7+ Kd8 40. Nf6
h5 41. Rd7+ Kc8 42. Rh7 Kd8 43. Rd7+ Kc8 44. Rh7 Kd8 45. g4 hxg4 46. hxg4 Rxb4
47. g5 Be7 48. Rh8+ Kc7 49. Rh7 Kd8 50. Rh8+ Kc7 51. Kf3 Rb1 52. Kf2 b4 53. Rh7
Kd8 54. Rh8+ Kc7 55. Rh7 Kd8 56. Rh8+  1/2-1/2

[Event "87o Campeonato Brasileiro Absoluto Final Aberta"]
[Site "Cuiaba MT"]
[Date "2021.11.02"]
[Round "9"]
[Board "23"]
[White "Souza, Rafael Cabral De"]
[Black "Cella, Glaucio Dalla Cortt"]
[Result "1-0"]
[WhiteElo "2162"]
[BlackElo "1961"]
[PlyCount "33"]
[EventDate "2021.10.28"]
[EventRounds "11"]
[EventCountry "BRA"]

1. e4 c5 2. Nf3 d6 3. d4 cxd4 4. Nxd4 Nf6 5. Nc3 a6 6. Bg5 e6 7. f4 Be7 8. Qf3
Qc7 9. O-O-O Nbd7 10. Bd3 h6 11. Bh4 Nxe4 12. Nxe4 Bxh4 13. Nxe6 fxe6 14. Qh5+
Kf8 15. Qxh4 Kg8 16. Qe7 d5 17. Nd6  1-0

[Event "87o Campeonato Brasileiro Absoluto Final Aberta"]
[Site "Cuiaba MT"]
[Date "2021.11.02"]
[Round "9"]
[Board "24"]
[White "Aoyama, Edmundo"]
[Black "Trevisan, Rodrigo"]
[Result "0-1"]
[WhiteElo "1824"]
[BlackElo "2111"]
[PlyCount "50"]
[EventDate "2021.10.28"]
[EventRounds "11"]
[EventCountry "BRA"]

1. Nf3 Nf6 2. b3 g6 3. Bb2 Bg7 4. e3 O-O 5. c4 d6 6. d4 Nbd7 7. Be2 e5 8. O-O
e4 9. Nfd2 Re8 10. Nc3 Nf8 11. Re1 h5 12. Nf1 N8h7 13. Rc1 Ng5 14. f4 exf3 15.
Bxf3 Nxf3+ 16. Qxf3 c6 17. h3 Nh7 18. Rc2 Ng5 19. Qf4 Bxh3 20. d5 Be5 21. Qf2
Bd7 22. Nd2 Qf6 23. Nf3 Nxf3+ 24. gxf3 Bf5 25. Rcc1 Qg5+  0-1